Transformace železnic - zahraniční zkušenosti

Zásadné zmeny v sektore železničného podnikania vo vyspelých krajinách. Poznatky z transformácie železníc v USA, Veľkej Británii, krajinách Európskej únie a na Novom Zélande.

Enregistré dans:
Détails bibliographiques
Auteur principal: Žižka, Miroslav
Format: Chapitre de livre
Langue:tchèque
Sujets:
Tags: Ajouter un tag
Pas de tags, Soyez le premier à ajouter un tag!

MARC

LEADER 00000naa a2200000 4500
001 r047103
005 20231004103945.8
041 0 |a cze 
044 |a CZ 
245 1 0 |a Transformace železnic - zahraniční zkušenosti  |c Miroslav Žižka 
520 |a Zásadné zmeny v sektore železničného podnikania vo vyspelých krajinách. Poznatky z transformácie železníc v USA, Veľkej Británii, krajinách Európskej únie a na Novom Zélande. 
610 2 0 |a železnice 
610 2 0 |a transformácia 
610 2 0 |a privatizácia 
610 2 0 |a USA 
610 2 0 |a Veľká Británia 
610 2 0 |a Európska únia 
610 2 0 |a Nový Zéland 
610 2 0 |a doprava železničná 
100 1 |a Žižka, Miroslav